Every Song by From Ashes to New - Statistics

General Stats
  • This quiz has been taken 2 times
  • The average score is 32 of 63
Answer Stats
Album Song % Correct
Quarantine Chronicles, Vol. 3(2021) Already Gone
100%
Blackout(2023) Heartache
100%
Panic(2020) Panic
100%
The Future(2018) The Future
100%
Panic(2020) Wait for Me
100%
Day One(Bonus)(2016) An Ocean of Its Own
50%
Blackout(2023) Armageddon
50%
Blackout(2023) Barely Breathing
50%
Panic(2020) Blind
50%
Day One(2016) Breaking Now
50%
Panic(2020) Brick
50%
The Future(2018) Broken
50%
Blackout(2023) Broken By Design
50%
Panic(2020) Bulletproof
50%
The Future(2018) Crazy
50%
Blackout(2023) Dead to Me
50%
Panic(2020) Death of Me
50%
From Ashes to New(2013) Destruction of Myself
50%
Day One(2016) Downfall
50%
Blackout(2023) Echoes
50%
The Future(2018) Enemy
50%
Day One(2016) Every Second
50%
Day One(2016) Face the Day
50%
Day One(2016) Farther from Home
50%
Non-Album(2018) Finally See
50%
Quarantine Chronicles, Vol. 2(2021) Finally See
50%
The Future(2018) Forgotten
50%
Quarantine Chronicles, Vol. 1(2021) Forgotten
50%
The Future(2018) Gone Forever
50%
Quarantine Chronicles, Vol. 3(2021) Gone Forever
50%
Blackout(2023) Hate Me Too
50%
Blackout(2023) Hope You're Happy
50%
From Ashes to New(2013) I Will Show You
50%
Day One(2016) Land of Make Believe
50%
Blackout(2023) Legacy
50%
The Future(2018) Let Go
50%
Non-Album(2018) Light It Up
50%
Quarantine Chronicles, Vol. 2(2021) Light Up The Sky
50%
From Ashes to New(2013) Live Again
50%
Day One(2016) Lost and Alone
50%
Blackout(2023) Monster in Me
50%
From Ashes to New(2013) My Fight
50%
The Future(2018) My Name
50%
Blackout(2023) Nightmare
50%
The Future(2018) Nowhere to Run
50%
The Future(2018) On My Own
50%
Non-Album(2018) Pray for Me
50%
Day One(2016) Same Old Story
50%
Panic(2020) Scars That I'm Hiding
50%
Day One(2016) Shadows
50%
Panic(2020) SideFX
50%
From Ashes to New(2013) Stay This Way
50%
Day One(Bonus)(2016) The Last Time
50%
Day One(2016) Through It All
50%
Blackout(2023) Until We Break
50%
The Future(2018) Wake Up
50%
Panic(2020) What I Get
50%
Day One(Bonus)(2016) Who's Laughing Now
50%
Day One(2016) You Only Die Once
50%
Panic(2020) Chang My Past
0%
Quarantine Chronicles, Vol. 2(2021) Decode
0%
Quarantine Chronicles, Vol. 1(2021) Enough
0%
Panic(2020) Nothing
0%
No matching quizzes found
Score Distribution
Percent of People with Each Score
Percentile by Number Answered
Your Score History
You have not taken this quiz